000 00669nam a2200205Ia 4500
003 GCL
005 20240530105432.0
008 140319s9999 xx 000 0 ara d
040 _aGCL /
_cGCL
082 0 4 _a813.08
_bص ح
100 1 _aصالح مرسى
245 1 0 _aحب للبيع :
_bو قصص اخرى /
_cصالح مرسى
260 _aالقاهرة :
_bابوللو للنشر والتوزيع ،
_c1990
300 _a364 ص ؛
_c18 سم
490 _aالاعمال الكاملة لصالح مرسى
_v0
650 0 4 _aالادب العربى
650 0 4 _aالقصص العربية القصيرة
650 0 4 _aالمجموعات
942 _2ddc
_cBK
999 _c56025
_d56025